History Quiz

Random History or Biography Quiz
Score 0/30 Timer 12:00
3 Plays Today
% Correct
A: Julius Caesar
90.4%
B: Amelia Earhart
82.7%
B: Dante Alighieri
75.9%
B: Catherine II of Russia
74.7%
B: Isaac Newton
74.2%
A: Theodore Roosevelt
70.8%
A: Charles Lindbergh
68.7%
A: Victoria of the United Kingdom
66.6%
B: Anne Boleyn
65.6%
B: Robert E. Lee
61.6%
B: Florence Nightingale
59.7%
A: Sigmund Freud
58.3%
A: Jane Austen
57.7%
B: Wilhelm I, German Emperor
54.7%
A: Alexander Hamilton
53.1%
% Correct
A: Otto von Bismarck
52.6%
B: Jonas Salk
48.8%
A: Isabella I of Castile
47.8%
A: William Tecumseh Sherman
47.3%
A: Alexander Fleming
46.9%
B: Thomas Paine
45.4%
B: Percy Bysshe Shelley
43.4%
B: Gustave Eiffel
42.9%
A: Philip II of Spain
40.5%
A: George Gordon, Lord Byron
40%
B: Thomas More
34.1%
B: William Butler Yeats
30.1%
B: Charles V, Holy Roman Emperor
29.4%
A: Desiderius Erasmus
25.7%
A: Gottfried Wilhelm Leibniz
25%
Remove Ads.
Support Sporcle.
Get the best of Sporcle when you Go Orange. This ad-free experience offers more features, more stats, and more fun while also helping to support Sporcle. Thank you for becoming a member.

You're not logged in!

Compare scores with friends on all Sporcle quizzes.
OR
Log In

Show Comments

Extras

Top Quizzes Today


Score Distribution

Your Account Isn't Verified!

In order to create a playlist on Sporcle, you need to verify the email address you used during registration. Go to your Sporcle Settings to finish the process.

Report this User

Report this user for behavior that violates our Community Guidelines.

Details: